MANUAL OF CATARACT SURGERY (Record no. 14647)

MARC details
000 -LEADER
fixed length control field 00298nam a22001337a 4500
003 - CONTROL NUMBER IDENTIFIER
control field SGT
082 ## - DEWEY DECIMAL CLASSIFICATION NUMBER
Classification number 617.7
Item number M200B
100 ## - MAIN ENTRY--PERSONAL NAME
Personal name BAHADUR, GARVIN G.
245 ## - TITLE STATEMENT
Title MANUAL OF CATARACT SURGERY
260 ## - PUBLICATION, DISTRIBUTION, ETC. (IMPRINT)
Place of publication, distribution, etc BOSTON
Name of publisher, distributor, etc BH. PUB
Year of Publication 2000
300 ## - PAGE DESCRIPTION
No. of Pages 105
650 ## - SUBJECT ADDED ENTRY--TOPICAL TERM
Topical term or geographic name as entry element OPHTHALMOLOGY
942 ## - ADDED ENTRY ELEMENTS (KOHA)
Source of classification or shelving scheme Dewey Decimal Classification
Koha item type Books
942 ## - ADDED ENTRY ELEMENTS (KOHA)
-- 1
Holdings
Withdrawn status Lost status Source of classification or shelving scheme Damaged status Not for loan Collection code Home library Current library Shelving location Date acquired Vendor Name Cost, normal purchase price SGTU Bill Number Total Checkouts Full call number Accession No. (Barcode) Date last seen Bill Date Koha item type Date last borrowed
    Dewey Decimal Classification     MEDICAL SGT Medical Library SGT Medical Library Text Book 20/01/2018 ABC 400.00 SGTU 8703   617.7 M200B FM9514 20/01/2018 02/09/2017 Books  
    Dewey Decimal Classification     MEDICAL SGT Medical Library SGT Medical Library Text Book 20/01/2018 ABC 400.00 SGTU 8703   617.7 M200B FM9515 20/01/2018 02/09/2017 Books  
    Dewey Decimal Classification     MEDICAL SGT Medical Library SGT Medical Library Text Book 20/01/2018 ABC 400.00 SGTU 8703 1 617.7 M200B FM9516 04/08/2022 02/09/2017 Books 01/08/2022